The making of the English working class / (Record no. 200130013)
[ view plain ]
| 000 -LEADER | |
|---|---|
| fixed length control field | 00967 a2200289 4500 |
| 001 - CONTROL NUMBER | |
| control field | 200130013 |
| 003 - CONTROL NUMBER IDENTIFIER | |
| control field | TR-AnTOB |
| 005 - DATE AND TIME OF LATEST TRANSACTION | |
| control field | 20231206171537.0 |
| 008 - FIXED-LENGTH DATA ELEMENTS--GENERAL INFORMATION | |
| fixed length control field | 130715p19631966nyu 001 0 |
| 020 ## - INTERNATIONAL STANDARD BOOK NUMBER | |
| International Standard Book Number | 9780394703220 |
| 040 ## - CATALOGING SOURCE | |
| Original cataloging agency | TR-AnTOB |
| 041 ## - LANGUAGE CODE | |
| Language code of text/sound track or separate title | İngilizce |
| 050 00 - LIBRARY OF CONGRESS CALL NUMBER | |
| Classification number | HD8388 |
| Item number | .T46 1966 |
| 090 ## - LOCALLY ASSIGNED LC-TYPE CALL NUMBER (OCLC); LOCAL CALL NUMBER (RLIN) | |
| Classification number (OCLC) (R) ; Classification number, CALL (RLIN) (NR) | HD8388 .T46 1966 |
| 100 1# - MAIN ENTRY--PERSONAL NAME | |
| Personal name | Thompson, E. P., |
| Fuller form of name | (Edward Palmer), |
| Dates associated with a name | 1924-1993 |
| 9 (RLIN) | 91511 |
| 245 14 - TITLE STATEMENT | |
| Title | The making of the English working class / |
| Statement of responsibility, etc. | [by] E. P. Thompson. |
| 264 #1 - PRODUCTION, PUBLICATION, DISTRIBUTION, MANUFACTURE, AND COPYRIGHT NOTICE | |
| Place of production, publication, distribution, manufacture | New York : |
| Name of producer, publisher, distributor, manufacturer | Vintage Books , |
| Date of production, publication, distribution, manufacture, or copyright notice | c1966. |
| 300 ## - PHYSICAL DESCRIPTION | |
| Extent | 848 p.; |
| Dimensions | 20 cm |
| 504 ## - BIBLIOGRAPHY, ETC. NOTE | |
| Bibliography, etc. note | |
| 505 ## - FORMATTED CONTENTS NOTE | |
| Formatted contents note | I.The liberty tree -- II.The curse of adam -- III.The working-class presence. |
| 650 #7 - SUBJECT ADDED ENTRY--TOPICAL TERM | |
| Topical term or geographic name entry element | İşçi sınıfı |
| Geographic subdivision | İngiltere |
| General subdivision | Tarih . |
| Source of heading or term | etuturkob |
| 9 (RLIN) | 40794 |
| 650 #0 - SUBJECT ADDED ENTRY--TOPICAL TERM | |
| Topical term or geographic name entry element | Working class |
| Geographic subdivision | England |
| 9 (RLIN) | 91512 |
| 651 #0 - SUBJECT ADDED ENTRY--GEOGRAPHIC NAME | |
| Geographic name | England |
| General subdivision | Social conditions |
| 9 (RLIN) | 121610 |
| Geographic name | İngiltere |
| General subdivision | Sosyal durum |
| 9 (RLIN) | 121611 |
| 942 ## - ADDED ENTRY ELEMENTS (KOHA) | |
| Koha item type | Book |
| Withdrawn status | Lost status | Source of classification or shelving scheme | Not for loan | Collection code | Home library | Current library | Shelving location | Date acquired | Source of acquisition | Cost, normal purchase price | Serial Enumeration / chronology | Total Checkouts | Total Holds | Full call number | Barcode | Copy number | Cost, replacement price | Date shelved | Koha item type |
|---|---|---|---|---|---|---|---|---|---|---|---|---|---|---|---|---|---|---|---|
| Ödünç Verilebilir / Available | Genel Koleksiyon | Merkez Kütüphane | Merkez Kütüphane | Genel Koleksiyon / Main Collection | 15/07/2013 | Satın Alma / Purchase | 0.00 | 1 | HD8388 .T46 1966 | 0042408 | 1 | 43.35 | 05/07/2013 | Book |
